000 00477 a2200169 4500
003 OSt
005 20231226122248.0
008 231226b |||||||| |||| 00| 0 eng d
020 _a8181431596
040 _coclc
082 _a891.433
_bLIM/H
100 _aLimbale, Sharankumar
_91759
245 _aHINDU /
_cSharan Kumar Limbale
260 _aNew Delhi:
_bVani Prakashan,
_c2009.
300 _a150p
942 _2ddc
_cBK
_h891.433
_iLIM/H
_k891.433
_mLIM/H
999 _c43582
_d43582